Statistics for Ultimate Disney Character List

Click here to take the quiz!

General Stats

  • This quiz has been taken 151 times
    (145 since last reset)
  • The average score is 125 of 383

Answer Stats

Answer% Correct
Cinderella
91%
Mo
90%
Anna
88%
Snow White
84%
Ariel
83%
Belle
83%
Gus
83%
Elsa
81%
Aladdin
80%
Jasmine
80%
Ken
80%
Mulan
78%
The Beast
78%
Woody
78%
Doc
77%
Grumpy
77%
Olaf
75%
Sleepy
75%
Ursula
75%
Flounder
74%
Jafar
74%
Nala
74%
Pocahontas
74%
Scar
74%
Simba
74%
Buzz Lightyear
72%
Dopey
72%
John
72%
Lady
72%
Aurora
71%
Gaston
71%
Happy
71%
Mickey Mouse
71%
Minnie Mouse
71%
Prince Charming
71%
Sebastian
71%
Tiana
71%
Bashful
70%
Donald Duck
70%
Goofy
70%
Rapunzel
70%
Peter Pan
68%
Prince Eric
68%
Sneezy
68%
Sven
68%
Daisy Duck
67%
Genie
67%
Pluto
67%
Tramp
67%
Wendy
67%
Abu
64%
Cruella De Vil
64%
Dumbo
64%
Maleficent
64%
Moana
64%
Timon
64%
Bambi
62%
Christopher Robin
62%
Lumiere
62%
Mufasa
62%
Alice
61%
Anastasia
61%
Andy
61%
Pinocchio
61%
The Captain
61%
Mother Gothel
59%
Mowgli
59%
Barbie
58%
Chip
58%
Winnie the Pooh
58%
Captain Hook
57%
John Smith
57%
Merida
57%
Tinkerbell
57%
Baloo
55%
Queen of Hearts
55%
Tigger
55%
Bruno
54%
Hercules
54%
Mrs Potts
54%
Rafiki
54%
Evil Queen
52%
Jessie
52%
King Triton
52%
Maui
52%
Thumper
52%
Drizella
51%
Geppetto
51%
Mad Hatter
51%
Pongo
51%
Pumbaa
51%
Tarzan
51%
Walle
51%
Bo Peep
49%
Lightning McQueen
49%
Michael
49%
Jane
48%
Jim
48%
Kristoff
48%
Lady Tremaine
48%
Marie
48%
Mushu
48%
Rex
48%
Robin Hood
48%
Cheshire Cat
46%
Dory
46%
Flora
46%
Flynn Rider
46%
Louis
46%
Mirabel
46%
Nemo
46%
Ralph
46%
Ed
45%
Fairy Godmother
45%
Fauna
45%
Jaq
45%
Kanga
45%
Shere Khan
45%
Hades
43%
Piglet
43%
Ray
43%
Roo
43%
Zeus
43%
Flower
42%
Oliver
42%
Prince Naveen
42%
Quasimodo
42%
Rabbit
42%
Slinky
42%
Smee
42%
The Sultan
42%
Boo
41%
Cogsworth
41%
Jiminy Cricket
41%
Megara
41%
Mike
41%
Pascal
41%
Sully
41%
Ben
39%
Iago
39%
Lucifer
39%
White Rabbit
39%
Arthur
38%
Esmeralda
38%
Lilo
38%
Phil
38%
Stitch
38%
Bolt
36%
Eve
35%
Hamm
35%
Mater
35%
Mr Potato Head
35%
Rajah
35%
Zazu
35%
Abuela
33%
Dale
33%
Joy
33%
Merlin
33%
Anger
32%
Bagheera
32%
Meeko
32%
Mr Incredible
32%
Prince Phillip
32%
Tweedledee
32%
Violet
32%
Faline
30%
Fear
30%
Lefou
30%
Li Shang
30%
Lotso
30%
Marlin
30%
Maurice
30%
Maximus
30%
Owl
30%
Bullseye
29%
Chief
29%
Dash
29%
Dr Facilier
29%
Duchess
29%
Little John
29%
Nani
29%
Peg
29%
Sadness
29%
Sally
29%
Tweedledum
29%
Disgust
28%
Flik
28%
Hei Hei
28%
Kron
28%
Panic
28%
Perdita
28%
Randall
28%
Yzma
28%
Felix
26%
Jack Jack
26%
Louie
26%
Milo
26%
Pain
26%
Pegasus
26%
Raya
26%
Remy
26%
Riley
26%
Shenzi
26%
Syndrome
26%
Thomas O’Malley
26%
Frozone
25%
Ichabod
25%
Kaa
25%
Kuzco
25%
Rat
25%
Shan Yu
25%
Blue Fairy
23%
Bonnie
23%
Bruce
23%
Figaro
23%
Flit
23%
King Louie
23%
Luca
23%
Mr Toad
23%
Prince Hans
23%
Vanellope
23%
Bianca
22%
Forky
22%
Hiro
22%
Kronk
22%
Tiger Lily
22%
Bernard
20%
Bing Bong
20%
Crush
20%
Dewey
20%
Frollo
20%
Huey
20%
Judy Hopps
20%
Mama Odie
20%
Penny
20%
Prince John
20%
Tod
20%
Banzai
19%
Baymax
19%
Clayton
19%
Darla
19%
Dot
19%
Edna
19%
Flotsam
19%
Isabela
19%
Jetsam
19%
Louisa
19%
Nick Wilde
19%
Percy
19%
Scrooge McDuck
19%
Tick-tock
19%
Yen Sid
19%
Antonio
17%
Elastagirl
17%
Eyeore
17%
Georgette
17%
Gill
17%
Hector
17%
Hopper
17%
Jenny
17%
Kala
17%
Miguel
17%
Pepa
17%
Prince Florian
17%
Squirt
17%
Toulouse
17%
Archimedes
16%
Artful Dodger
16%
Bubbles
16%
Copper
16%
Doc Hudson
16%
Kida
16%
Nigel
16%
Ratcliffe
16%
Roz
16%
Berlioz
14%
Camilo
14%
Dolores
14%
Edgar
14%
Joe
14%
Koda
14%
Mr Ray
14%
Pacha
14%
Spot
14%
Stromboli
14%
Terk
14%
Basil
13%
Friar Tuck
13%
Hank
13%
Jacques
13%
Kenai
13%
Kerchak
13%
King Candy
13%
Mrs Jumbo
13%
Tantor
13%
Arlo
12%
Colette
12%
Emperor
12%
Ernesto De La Cruz
12%
Grandmother Willow
12%
Julieta
12%
Mack
12%
Madam Mim
12%
Peach
12%
Rhino
12%
Sir Hiss
12%
Deb
10%
Destiny
10%
Horace
10%
Merrywether
10%
Mittens
10%
Tadashi
10%
Taran
10%
Bailey
9%
Bloat
9%
Linguini
9%
Mama Coco
9%
Mirage
9%
Mr Waternoose
9%
Pleakley
9%
Scat Cat
9%
Sheriff of N
9%
Te Fiti
9%
Vixey
9%
22
7%
Alberto
7%
Bambi’s Mom
7%
Dinah
7%
Giulia
7%
Gurgle
7%
Ian
7%
Jock
7%
Lewis
7%
Madam Medusa
7%
Meilin
7%
Mole
7%
Namaari
7%
Timothy Mouse
7%
Wilbur
7%
Aladar
6%
Captain Amelia
6%
Chernabog
6%
Eilonwy
6%
Emile
6%
Gurgi
6%
Jamba
6%
Jasper
6%
Jose Carioca
6%
Mama Imelda
6%
Ming
6%
Monstro
6%
Ratigan
6%
Ringmaster
6%
The Dodo
6%
Trusty
6%
Tuktuk
6%
Barley
4%
Djali
4%
Doris
4%
Duke of Weselton
4%
Kokoum
4%
Long John Silver
4%
Morph
4%
Orville
4%
Bellwether
3%
Bowler Hat Guy
3%
Casey Junior
3%
Cyril
3%
Dr Doppler
3%
Heimlich
3%
Katrina
3%
MacBadger
3%
Mr Winky
3%
Neera
3%
Panchito Pistoles
3%
The Doorknob
3%
The Doormouse
3%
Auguste Gusteau
1%
Clawhouser
1%
Mad March Hare
1%
Sizu
1%
Maid Mariam
0%

Score Distribution

Percentile by Number Answered

Percent of People with Each Score

Your Score History

You have not taken this quiz since the last reset